La música en la sociedad europea : hasta fines del siglo XVIII /

-д хадгалсан:
Номзүйн дэлгэрэнгүй
Үндсэн зохиолч: Salazar, Adolfo (autor)
Формат: Ном
Хэл сонгох:испани
Хэвлэсэн: México : El Colegio de México : Fondo de Cultura Económica, 1944, c1944
Нөхцлүүд:
Шошгууд: Шошго нэмэх
Шошго байхгүй, Энэхүү баримтыг шошголох эхний хүн болох!

MARC

LEADER 00000nam^a2200000^a^4500
001 000161081
005 20250521000000.0
009 20260310100745.076
037 |a Acervo ITESO - Biblioteca 
041 |a ESP 
082 |a 784. 940  |b SAL V. 2 
100 |a Salazar, Adolfo  |e (autor) 
240 1 4 |a [La música en la sociedad europea] 
245 1 3 |a La música en la sociedad europea :  |b hasta fines del siglo XVIII /  |c A. Salazar. 
264 4 |a México :  |b El Colegio de México :  |b Fondo de Cultura Económica,  |c 1944, c1944 
300 |a 475 p. 
336 |a texto  |b txt  |2 rdacontenido 
337 |a sin mediación  |b n  |2 rdamedio 
338 |a volumen  |b nc  |2 rdasoporte 
649 |a XX 
650 |a Música Barroca -  |x Historia y Crítica 
650 |a Estilo Galante (Música) -  |x Historia y Crítica 
650 |a Música Clásica -  |x Historia y Crítica 
650 |a Música Europea -  |x Historia y Crítica 
650 |a Música Europea -  |y Siglo XVI 
650 |a Música Europea -  |y Siglo XVII 
650 |a Música Europea -  |y Siglo XVIII 
910 |a Fondo Armando Suárez Gómez 
920 |a Impresos - Libros 
930 |a Fondos Especiales 
905 |a 111 
901 |a 0700005451  |b IT2  |c ESP  |u 20250521 
902 |a https://opac.biblio.iteso.mx/vufind/Record/000161081